| 000 | 00513nam a22001817a 4500 | ||
|---|---|---|---|
| 003 | Ost | ||
| 005 | 20260416120435.0 | ||
| 008 | 260414b |||||||| |||| 00| 0 eng d | ||
| 020 | _aNA | ||
| 040 | _cBT-PhCST | ||
| 050 | _aD4673 | ||
| 082 |
_222 _a338.272 _bKOS |
||
| 100 | _aKoschany, Kean | ||
| 245 |
_aSerpentine value chains : _bon the potential of hemp-based products for a socio-ecologically just building sector in Bhutan / |
||
| 260 | _cc2025. | ||
| 300 |
_a148, p. ; _bill. ; _c17 cm. |
||
| 942 |
_2ddc _cAE |
||
| 999 |
_c10240 _d10240 |
||